000 00587nam a2200229Ia 4500
003 OSt
005 20220918173653.0
006 a|||||r|||| 00| 0
007 ta
008 220917b |||||||| |||| 00| 0 eng d
024 _a7,653
037 _cTextual
040 _aARTS
_cARTS
_beng
041 _2eng
_aeng
082 _a231, K1 (2D)
100 _aDelaney Jack J.
_946817
245 0 _aSchool librarian
_b Human relations problems
260 _c1961
650 _aLIBRARY SCIENCE
942 _h231, K1 (2D)
_cTEXL
_2CC
999 _c149522
_d149522